Statistics for A-Z: China

Click here to take the quiz!

General Stats

  • This quiz has been taken 26 times
  • The average score is 16 of 26

Answer Stats

HintAnswer% Correct
Puyi was the last what of China?EEmperor
92%
Mythological creature which is a symbol of luck and power; it is also one of the traditional Chinese year namesDDragon
88%
Staple food of China, grown in Paddy fieldsRRice
88%
Country bordering China (formerly divided into North and South)VVietnam
88%
Treatment using needles to stimulate energy flowsAAcupuncture
85%
Well known ancient philosopherCConfucius
85%
Luxurious fabric originally produced in China over 5000 years agoSSilk
85%
City formerly under Portuguese ruleMMacau
81%
Basic element of Chinese cuisine, similar to pastaNNoodles
81%
Capital of TibetLLhasa
73%
City near Hong Kong, formerly known as CantonGGuangzhou
69%
Hainan is the largest of these in China. Their government would dispute this statementIIsland
69%
Language particularly associated with ShanghaiWWu
62%
Unit of Chinese currencyYYuan
62%
Dominant ethnic group in ChinaHHan
58%
Collection of over 8000 sculptures depicting the army of the first Emperor, Qin Shi HuangTTerracotta Army
54%
Where the answer to T isXXian
54%
Mao's second name (used to be spelt "Tse-tung")ZZedong
54%
Rebellion between 1899 and 1901BBoxer Rebellion
50%
A traditional practice that uses energy forces to harmonize individuals with their surrounding environment.FFeng Shui
46%
Vital life force, affected by answer A (and a very useful Scrabble word)QQi
46%
Ethnic group, traditionally Muslim, the subject of much controversy in recent yearsUUyghurs
42%
Actor and director, well known in the field of martial artsJJet Li
38%
Nationalist political party founded by Sun Yat-SenKKuomintang
27%
A sauce that is most commonly used in stir fries, but is also used in stews, soups and marinadesOOyster sauce
19%
Last Governor of Hong KongPChris Patton
0%

Score Distribution

Percentile by Number Answered

Percent of People with Each Score

Your Score History

You have not taken this quiz